header

Never saw it coming (Record no. 10974)

MARC details
000 -LEADER
fixed length control field 01815nam a22003974a 4500
082 04 - DEWEY DECIMAL CLASSIFICATION NUMBER
Classification number 302/.12
100 1# - MAIN ENTRY--AUTHOR NAME
Personal name Cerulo, Karen A.
245 10 - TITLE STATEMENT
Title Never saw it coming
260 ## - PUBLICATION, DISTRIBUTION, ETC. (IMPRINT)
Place of publication Chicago :
Name of publisher University of Chicago Press,
Year of publication c2006.
300 ## - PHYSICAL DESCRIPTION
Number of Pages ix, 333 p. :
Other physical details ill.
505 0# - FORMATTED CONTENTS NOTE
Formatted contents note What's the worst that could happen? -- The breadth and scope of positive asymmetry -- Practicing positive asymmetry -- Positive asymmetry and the subjective side of scientific measurement -- Being labeled the worst : real in its consequences? -- Exceptions to the rule -- Emancipating structures and cognitive styles -- Can symmetrical vision be achieved?
650 #0 - SUBJECT ADDED ENTRY--TOPICAL TERM
Topical Term Catastrophical, The.
Topical Term Cognition and culture.
Topical Term Social psychology.
Topical Term Knowledge, Sociology of.
856 40 - ELECTRONIC LOCATION AND ACCESS
Uniform Resource Identifier http://site.ebrary.com/lib/rucke/Doc?id=10266009

No items available.

© 2026 Rongo University
Contact us: librarian | system librarian | Rongo university